000
00514nam a2200133Ia 4500
008
100328s9999 xx 000 0 und d
082
_b
46684
100
_a
नलगे चंद्रकुमार-संपा.
245
_a
ग्रामीण वाङ्मयाचा इतिहास
260
_b
सुरेश
630
_a
ग्रामीण वाङ्मयाचा इतिहास
730
_a
ग्रामीण वाङ्मयाचा इतिहास
942
_c
BOOK
999
_c
534618
_d
534615